Introduction to adaptive sport and recreation (Record no. 394126)

MARC details
000 -LEADER
fixed length control field 00569 a2200217 4500
005 - DATE & TIME
control field 20260116153259.0
008 - FIXED-LENGTH DATA ELEMENTS--GENERAL INFORMATION
fixed length control field 260114b |||||||| |||| 00| 0 eng d
020 ## - ISBN
International Standard Book Number 9781718214538
Price $ 99.00
040 ## - CATALOGING SOURCE
Original cataloging agency VIVEKANANDA LIBRARY
082 ## - DDC NUMBER
Classification number 796.0456
Book Number H219I
100 ## - MAIN ENTRY--PERSONAL NAME
Personal name Hardin, Robin
110 ## - MAIN ENTRY--CORPORATE NAME
Corporate name
245 ## - TITLE STATEMENT
Title Introduction to adaptive sport and recreation
260 ## - PUBLICATION, DISTRIBUTION, ETC. (IMPRINT)
Name of publisher, distributor, etc Human Kinetics
Date of publication, distribution, etc 2025
Place of publication, distribution, etc Champaign
300 ## - PHYSICAL DESCRIPTION
Pages xii, 268
650 ## - Subject
Subject Physical Education
650 ## - Subject
Subject Sport-Recreation
650 ## - Subject
Subject Disability Sports
700 ## - Added Entry Personal Name
Added Entry Personal Name Pate, Joshua R
942 ## - ADDED ENTRY ELEMENTS (KOHA)
Koha item type Books
Holdings
Withdrawn status Lost status Source of classification or shelving scheme Damaged status Not for loan Location (home branch) Sublocation or collection (holding branch) Shelving location Date acquired Koha issues (times borrowed) Koha full call number Accession No. Koha date last seen Koha item type
    Dewey Decimal Classification     VIVEKANANDA LIBRARY VIVEKANANDA LIBRARY Vivekananda Library 12/12/2025   796.0456 H219I 443607 12/12/2025 Books
© Designed and Maintained by Vivekananda Library, MDU Rohtak